STATISTICS SIMPLIFIED: A TEXT BOOK FOR: STATISTICS PAPERS OF CPS, KNEC, UNIVERSITY DEGREE COURSE, BUSINESS SUBJECTS OF OTHER EXAMINING BODIES AND GENERAL READING (Record no. 186837)
[ view plain ]
| 000 -LEADER | |
|---|---|
| fixed length control field | 00545nam a2200169Ia 4500 |
| 003 - CONTROL NUMBER IDENTIFIER | |
| control field | OSt |
| 005 - DATE AND TIME OF LATEST TRANSACTION | |
| control field | 20260312145757.0 |
| 040 ## - CATALOGING SOURCE | |
| Transcribing agency | LC |
| 050 ## - LIBRARY OF CONGRESS CALL NUMBER | |
| Classification number | QA 276 . S 25 1997 |
| 100 ## - MAIN ENTRY--PERSONAL NAME | |
| Personal name | SALEEMI, NISAR AHMAD |
| 245 #0 - TITLE STATEMENT | |
| Title | STATISTICS SIMPLIFIED: A TEXT BOOK FOR: STATISTICS PAPERS OF CPS, KNEC, UNIVERSITY DEGREE COURSE, BUSINESS SUBJECTS OF OTHER EXAMINING BODIES AND GENERAL READING |
| 250 ## - EDITION STATEMENT | |
| Edition statement | EAST AFRICA EDITION |
| 260 ## - PUBLICATION, DISTRIBUTION, ETC. | |
| Place of publication, distribution, etc. | NAIROBI, |
| Name of publisher, distributor, etc. | SAVANI'S BOOK CENTRE LTD, |
| Date of publication, distribution, etc. | 1997, |
| 300 ## - PHYSICAL DESCRIPTION | |
| Extent | 403 P, ILL |
| 650 ## - SUBJECT ADDED ENTRY--TOPICAL TERM | |
| Topical term or geographic name entry element | Statistics |
| 942 ## - ADDED ENTRY ELEMENTS (KOHA) | |
| Koha item type | Long Loan Book |
| Source of classification or shelving scheme | Library of Congress Classification |
| Withdrawn status | Lost status | Source of classification or shelving scheme | Damaged status | Not for loan | Collection | Home library | Current library | Shelving location | Date acquired | Inventory number | Total checkouts | Full call number | Barcode | Date last seen | Copy number | Price effective from | Koha item type |
|---|---|---|---|---|---|---|---|---|---|---|---|---|---|---|---|---|---|
| Library of Congress Classification | Science & Technology | Kisii University Library | Kisii University Library | On Display | 09/15/2023 | 092634 | QA 276 .S 25 1997 | 040025 | 09/15/2023 | 3 | 09/15/2023 | Long Loan Book |